000 00475nam a2200157Ia 4500
008 240729s9999 xx 000 0 und d
022 _a1947-5403
245 0 _aDancecult: Journal of Electronic Dance Music Culture
260 _aUnited Kingdom
260 _bUniversity of Huddersfield, Department of Music
650 _a Music
650 _aMusic and books on Music
856 _uhttps://doaj.org/toc/afcd0edfb34c42fc82c842d2e1b85fea
942 _2ddc
942 _cDOAJEJ
999 _c73187
_d73187
945 _a1
_bMadushi Gamage
_c1
_dMadushi Gamage